Groups of US States & Capitals - Statistics

General Stats
  • This quiz has been taken 54 times
  • The average score is 33 of 40
Answer Stats
Answer % Correct
First State Alphabetically Alabama
100%
First State Alphabetically Alaska
100%
Most National Parks Alaska
100%
Highest % of Water Alaska
100%
Longest Ocean Coastline Alaska
100%
First State Alphabetically Arizona
98%
Most Native Americans Arizona
98%
First State Alphabetically California
98%
Most National Parks California
98%
Most Native Americans California
98%
Longest Ocean Coastline California
98%
Highest % of Water Florida
94%
Longest Ocean Coastline Florida
94%
Shortest State Name Iowa
94%
Shortest State Name Ohio
94%
Shortest State Name Utah
94%
Most National Parks Utah
94%
First State Alphabetically Arkansas
92%
Longest Ocean Coastline Hawaii
92%
Shortest State Name Maine
92%
Shortest State Name Texas
90%
Most Native Americans Texas
90%
Shortest State Name Idaho
88%
Most Native Americans New York
84%
Highest % of Water Michigan
82%
Most Native Americans Oklahoma
78%
Largest Capital City Austin
73%
Most National Parks Colorado
73%
Largest Capital City Phoenix
69%
Oldest State Capital City Boston
65%
Highest % of Water Louisiana
65%
Longest Ocean Coastline Louisiana
65%
Oldest State Capital City Richmond
61%
Highest % of Water Wisconsin
59%
Largest Capital City Indianapolis
57%
Largest Capital City Denver
55%
Largest Capital City Columbus
53%
Oldest State Capital City Dover
49%
Oldest State Capital City Santa Fe
45%
Oldest State Capital City Annapolis
41%
No matching quizzes found
Score Distribution
Percent of People with Each Score
Percentile by Number Answered
Your Score History
You have not taken this quiz